Geboren in Rosenheim - Statistiken

Allgemein
  • Dieses Quiz wurde 36 mal gespielt
    14 seit der letzten Aktualisierung
  • Das Durchschnittsergebnis liegt bei 3 aus 11
Antwortstatistiken
Hinweis Antwort % Korrekt
NSDAP-Politiker, Oberbefehlshaber der Luftwaffe, Reichswirtschaftsminister und verurteilter Kriegsverbrecher, welcher sich der Vollstreckung seines Todesurteils durch Suizid entzog 1893 Hermann Göring
58%
Fußballtrainer, ehemaliger Fußballer und Bruder eines ehemaligen Fußballnationalspielers 1982 Tobias Schweinsteiger
58%
ehemaliger Fußballnationalspieler (Bayer Leverkusen und 1860 München) 1989 Lars Bender
50%
ehemaliger Fußballnationalspieler (Dortmund, Leverkusen und 1860 München) 1989 Sven Bender
50%
Fitness-Influencerin, YouTuberin und Buchautorin 1995 Sophia Thiel
33%
Dressurreiterin und Gewinnerin von vier olympischen Goldmedaillen 1986 Jessica von Bredow-Werndl
25%
ehemaliger Rennfahrer und DTM-Champion 2011 1981 Martin Tomczyk
17%
Eishockeytorwart, Seattle Kraken 1991 Philipp Grubauer
17%
deutscher Zauberkünstler und Teil des Duos, welches frühere die meistbesuchte Show in Las Vegas gestaltete 1939 Siegfried Fischbacher
8%
Regisseur, "Der Fall Collini" "Krabat" "Sommersturm" 1977 Marco Kreuzpaintner
0%
Professorin für Journalismus an der Columbia University und Autorin von "A Beautiful Mind" 1947 Sylvia Nasar
0%
Keine übereinstimmenden Quizze gefunden
Verteilung der Resultate
Anzahl Personen mit jedem Resultat
Perzentil nach korrekt beantworteten Fragen
Ihre Resultats-Entwicklung
Sie haben dieses Quiz seit der letzten Aktualisierung nicht gespielt